000 00691nam a2200217Ia 4500
003 IN-BaIIA
008 211028s9999 xx 000 0 eng d
020 _a90-277-0279-9
040 _cIIA Library
080 _a52(082.1)
_bASS-34
100 _aKourganoff, V
_92644
245 0 _aIntroduction to the physics of stellar interiors
_cV. Kourganoff
260 _aDordrecht
_bD. Reidel Publishing
_c1973
300 _axi, 115p.
490 _aAstrophysics and space science library; v. 34
650 _a Steddllar interiors 
_98374
650 _a Stellar atomspheres
_98375
650 _a Stellar structure 
_98376
650 _aAstronomy and astrophysics thesaurus 
_91143
942 _cBK
999 _c4721
_d4721